书目信息 |
| 题名: |
绿色建造施工技术与管理
|
|
| 作者: | 李英军 , 杨兆鹏 , 夏道伟 著 | |
| 分册: | ||
| 出版信息: | 长春 吉林科学技术出版社 2022.04 |
|
| 页数: | 185页 | |
| 开本: | 26cm | |
| 丛书名: | ||
| 单 册: | ||
| 中图分类: | TU18 | |
| 科图分类: | ||
| 主题词: | 生态建筑--sheng tai jian zhu--施工管理 | |
| 电子资源: | ||
| ISBN: | 978-7-5578-9543-3 | |
| 000 | 01082nam0 2200265 450 | |
| 001 | CAL 012022036821 | |
| 005 | 20230217093112.0 | |
| 010 | @a978-7-5578-9543-3@dCNY48.00 | |
| 100 | @a20221020d2022 em y0chiy0120 ea | |
| 101 | 0 | @achi |
| 102 | @aCN@b220000 | |
| 105 | @ay a 000yy | |
| 106 | @ar | |
| 200 | 1 | @a绿色建造施工技术与管理@Alv se jian zao shi gong ji shu yu guan li@f李英军, 杨兆鹏, 夏道伟著 |
| 210 | @a长春@c吉林科学技术出版社@d2022.04 | |
| 215 | @a185页@d26cm | |
| 320 | @a有书目 (第184-185页) | |
| 330 | @a本书主要从绿色建筑施工理念出发, 比较详细具体地阐述了绿色施工技术与管理, 分别从科学规划、设计、施工技术与管理、运营管理几个方面对绿色建筑理念下的建筑工程做了具体分析, 撰写过程中既注意将绿色建筑理念贯穿全书, 又注重绿色建筑理论与实践应用的结合, 可在一定程度上促进建筑施工与工程管理的发展。 | |
| 606 | 0 | @a生态建筑@Asheng tai jian zhu@x施工管理 |
| 690 | @aTU18@v5 | |
| 701 | 0 | @a李英军@Ali ying jun@4著 |
| 701 | 0 | @a杨兆鹏@Ayang zhao peng@4著 |
| 701 | 0 | @a夏道伟@Axia dao wei@4著 |
| 801 | 0 | @aCN@bBJXHZP@c20230228 |
| 905 | @b1386042-5@dTU18@e2140@f4 | |
| 绿色建造施工技术与管理/李英军, 杨兆鹏, 夏道伟著.-长春:吉林科学技术出版社,2022.04 |
| 185页;26cm |
| ISBN 978-7-5578-9543-3:CNY48.00 |
| 本书主要从绿色建筑施工理念出发, 比较详细具体地阐述了绿色施工技术与管理, 分别从科学规划、设计、施工技术与管理、运营管理几个方面对绿色建筑理念下的建筑工程做了具体分析, 撰写过程中既注意将绿色建筑理念贯穿全书, 又注重绿色建筑理论与实践应用的结合, 可在一定程度上促进建筑施工与工程管理的发展。 |
| ● |
| 相关链接 |
|
|
|
|
正题名:绿色建造施工技术与管理
索取号:TU18/2140
 
预约/预借
| 序号 | 登录号 | 条形码 | 馆藏地/架位号 | 状态 | 备注 |
| 1 | 1386042 | 213860428 | 第二样本阅览室/ [索取号:TU18/2140] | 在馆 | |
| 2 | 1386043 | 213860437 | 第三借阅区/ [索取号:TU18/2140] | 在馆 | |
| 3 | 1386044 | 213860446 | 第三借阅区/ [索取号:TU18/2140] | 在馆 | |
| 4 | 1386045 | 213860455 | 第三借阅区/ [索取号:TU18/2140] | 在馆 |